00735nam a22001577a 450000500170000000800410001702000180005805000190007610000440009524501040013926000340024330000180027750501990029565000310049465000520052520231102152040.0171004s2011 mx bk||| |||| 00| 0 spa d a9786071505712 aQA76.9A43bC67 aCorona Nakamura, María Adrianaeautor aDiseño de algoritmoscAlejandra Margarita Méndez Girónby su codificación en lenguaje en C  aMéxicob: Alfaomegac, 2011 a326 páginas aConceptos básicos Los datos y las operaciones básicas Programación estructurada Arreglos Programación modular Registro o estructura Algoritmos de ordenamiento y búsqueda. Apuntadores  0aAlgoritmos computacionales 0aC (Lenguaje de programación para computadora)